| 000 | 00705cam a2200253 4500500 | ||
|---|---|---|---|
| 005 | 20260329004711.0 | ||
| 041 | _afre | ||
| 042 | _adc | ||
| 100 | 1 | 0 |
_aPortevin, Catherine _eauthor |
| 245 | 0 | 0 | _aPeut-on dissocier l’œuvre de l’auteur ? |
| 260 | _c2020. | ||
| 500 | _a87 | ||
| 690 | _aArtiste | ||
| 690 | _aGisèle Sapiro | ||
| 690 | _aJustice | ||
| 690 | _aMœurs | ||
| 690 | _aMorale | ||
| 690 | _aœuvre | ||
| 690 | _aPolanski | ||
| 690 | _aSociologie | ||
| 690 | _aViolence | ||
| 786 | 0 | _nPhilosophie magazine | 144 | 11 | 2020-11-01 | p. 74-76 | 1951-1787 | |
| 856 | 4 | 1 | _uhttps://shs.cairn.info/magazine-philosophie-magazine-2020-11-page-74?lang=fr&redirect-ssocas=7080 |
| 999 |
_c1836394 _d1836394 |
||